000 01032nam#a22003375a#4500
001 2237
008 140326s2013####ag############000#0#und#d
245 1 0 _aClásicos de Misterio 1 :
_bJuveniles /
_cAmbrose Birce...et.al.
250 _a1ª ed.
260 _aBuenos Aires :
_bSigmar,
_c2013.
300 _a72 p. ;
_c21 cm.
490 0 _aClásicos juveniles
505 0 _tEl hombre y la víbora
_rBierce, Ambrose
505 0 _tNarración sobre el fantasma de una mano
_rLe Fanu, Sheridan
505 0 _tEl Monte de las Ánimas
_rBéquer, G.A.
505 0 _tEl huésped ambibioso
_rHawthone, Nathaniel
505 0 _tEl corazón delator
_rPoe, Edgar Allan
020 _a9789501112795
100 1 _aBirce, Ambroce.
700 1 _aLe Fanu, Sheridan.
700 1 _aBéquer, G.A.
700 1 _aHawthone, Nathaniel.
700 1 _aPoe, Edgar Allan.
080 _a82-344
084 _aC59
653 _aLiteratura Infantil y Juvenil
040 _aAR-ClEAG
_cAR-ClEAG
005 20241107184738.0
003 AR-ClEAG
942 _cBK
999 _c2237
_d2237
980 _62
_aEvangelina Gallicchio
_82
_gEvangelina Gallicchio